The reliability of the New Testament / (Registro nro. 26474)

Detalles MARC
000 -LEADER
campo de control de longitud fija 03909cam a22005414i 4500
003 - IDENTIFICADOR DE NÚMERO DE CONTROL
campo de control PE-LiUPU
005 - FECHA Y HORA DE LA ÚLTIMA TRANSACCIÓN
campo de control 20250731173046.0
008 - DATOS DE LONGITUD FIJA--INFORMACIÓN GENERAL
campo de control de longitud fija 101130s2011 mnua rb 001 0 eng d
020 ## - NÚMERO INTERNACIONAL ESTÁNDAR DEL LIBRO
Número Internacional Estándar del Libro 9780800697730
Información calificativa (alk. paper)
035 ## - NÚMERO DE CONTROL DEL SISTEMA
Número de control de sistema (Sirsi) i9780800697730
035 ## - NÚMERO DE CONTROL DEL SISTEMA
Número de control de sistema (OCoLC)646121910
040 ## - FUENTE DE CATALOGACIÓN
Centro catalogador/agencia de origen DLC
Lengua de catalogación spa
Centro/agencia transcriptor DLC
Centro/agencia modificador YDX
-- BTCTA
-- YDXCP
-- SLT
-- BWX
-- CDX
-- BHA
-- XPQ
-- BDX
-- BMS
-- OCLCQ
-- OCLCO
-- OCLCF
-- OCLCQ
-- MOR
-- PE-LiUPU
Normas de descripción rda
049 ## - FONDOS LOCALES (OCLC)
Biblioteca depositaria PRUA
050 00 - SIGNATURA TOPOGRÁFICA DE LA BIBLIOTECA DEL CONGRESO
Número de clasificación BS2332
Número de ítem .E37 2011
082 00 - NÚMERO DE LA CLASIFICACIÓN DECIMAL DEWEY
Número de clasificación 225.1
Cutter E34
Número de edición 22
100 1# - ENTRADA PRINCIPAL--NOMBRE DE PERSONA
Nombre de persona Ehrman, Bart D.
Fechas asociadas al nombre 1955- ,
Término indicativo de función/relación autor
245 14 - MENCIÓN DEL TÍTULO
Título The reliability of the New Testament /
Mención de responsabilidad, etc. Bart D. Ehrman & Daniel B. Wallace in dialogue ; Robert B. Stewart, editor.
264 #1 - PRODUCCIÓN, PUBLICACIÓN, DISTRIBUCIÓN, FABRICACIÓN Y COPYRIGHT
Producción, publicación, distribución, fabricación y copyright Minneapolis :
Nombre del de productor, editor, distribuidor, fabricante Fortress Press,
Fecha de producción, publicación, distribución, fabricación o copyright 2011.
300 ## - DESCRIPCIÓN FÍSICA
Extensión xix, 220 páginas :
Otras características físicas ilustraciones ;
Dimensiones 23 centímetros
336 ## - TIPO DE CONTENIDO
Término de tipo de contenido text
Fuente rdacontent
337 ## - TIPO DE MEDIO
Nombre/término del tipo de medio unmediated
Fuente rdamedia
338 ## - TIPO DE SOPORTE
Nombre/término del tipo de soporte volume
Fuente rdacarrier
504 ## - NOTA DE BIBLIOGRAFÍA, ETC.
Nota de bibliografía, etc. Bibliografía : páginas 187-215.
504 ## - NOTA DE BIBLIOGRAFÍA, ETC.
Nota de bibliografía, etc. Índices : páginas 217-220.
505 0# - NOTA DE CONTENIDO CON FORMATO
Nota de contenido con formato Introduction : Why New Testament textual criticism matters : a non-critic's perspective / Robert B. Stewart -- The textual reliability of the New Testament : a dialogue / Bart D. Ehrman and Daniel B. Wallace -- Text and transmission in the second century / Michael W. Holmes -- The necessity of a theology of Scripture / Dale B. Martin -- What is the text of the New Testament? / David Parker -- Who changed the text and why? : probable, possible, and unlikely explanations / William Warren -- Assessing the stability of the transmitted texts of the New Testament and the Shepherd of Hermas / K. Martin Heide -- Textual criticism and textual confidence : how reliable is Scripture? / Craig A. Evans -- Authors or preservers? : scribal culture and the theology of Scriptures / Sylvie T. Raquel.
520 8# - RESUMEN, ETC.
Sumario, etc. "This volume highlights points of agreement and disagreement between two leading scholars on the subject of the textual reliability of the New Testament: Bart Ehrman, James A. Gray Distinguished Professor at the University of North Carolina at Chapel Hill and author of the best-selling book Misquoting Jesus: The Story Behind Who Changed the Bible and Why, and Daniel Wallace, Professor of New Testament Studies at Dallas Theological Seminary and Executive Director of the Center for the Study of New Testament Manuscripts. This conversation between Ehrman and Wallace allows the reader to see in print how each presents his position in light of the other's. Contributions follow from an interdisciplinary team featuring specialists in biblical studies, philosophy, and theology. The textual reliability of the New Testament is logically prior to its interpretation and thus important for the Christian religion. This book provides interested readers a fair and balanced case for both sides and allows them to decide for themselves: What does it mean for a text to be textually reliable? How reliable is the New Testament? How reliable is reliable enough?"--Publisher description.
526 ## - NOTA DE INFORMACIÓN SOBRE EL PROGRAMA DE ESTUDIO
Nombre del programa Segunda Especialidad En Profecías Bíblicas
526 ## - NOTA DE INFORMACIÓN SOBRE EL PROGRAMA DE ESTUDIO
Nombre del programa Segunda Especialidad En Nuevo Testamento
526 ## - NOTA DE INFORMACIÓN SOBRE EL PROGRAMA DE ESTUDIO
Nombre del programa Segunda Especialidad En Antiguo Testamento
526 ## - NOTA DE INFORMACIÓN SOBRE EL PROGRAMA DE ESTUDIO
Nombre del programa Segunda Especialidad En Estudios Adventistas
526 ## - NOTA DE INFORMACIÓN SOBRE EL PROGRAMA DE ESTUDIO
Nombre del programa Doctorado en teología
526 ## - NOTA DE INFORMACIÓN SOBRE EL PROGRAMA DE ESTUDIO
Nombre del programa Maestría en teología histórica
526 ## - NOTA DE INFORMACIÓN SOBRE EL PROGRAMA DE ESTUDIO
Nombre del programa Maestría en teología bíblica
526 ## - NOTA DE INFORMACIÓN SOBRE EL PROGRAMA DE ESTUDIO
Nombre del programa Maestría en teología
526 ## - NOTA DE INFORMACIÓN SOBRE EL PROGRAMA DE ESTUDIO
Nombre del programa Maestría en misionología
526 ## - NOTA DE INFORMACIÓN SOBRE EL PROGRAMA DE ESTUDIO
Nombre del programa Maestría en liderazgo eclesiástico
526 ## - NOTA DE INFORMACIÓN SOBRE EL PROGRAMA DE ESTUDIO
Nombre del programa Teología
596 ## -
-- 1
630 04 - PUNTO DE ACCESO ADICIONAL DE MATERIA--TÍTULO UNIFORME
Título uniforme Biblia.
Nombre de parte o sección de la obra N.T.
Subdivisión general Crítica, Textual.
700 1# - ENTRADA AGREGADA--NOMBRE PERSONAL
Nombre de persona Stewart, Robert B.,
Fechas asociadas al nombre 1957- ,
Término indicativo de función/relación editor.
700 1# - ENTRADA AGREGADA--NOMBRE PERSONAL
Nombre de persona Wallace, Daniel B.,
Término indicativo de función/relación autor.
910 ## - DATOS DE OPCIÓN DEL USUARIO (OCLC)
Datos de opción del usuario dbm
-- jpc
-- jpc
-- 20171201
942 ## - ELEMENTOS DE ENTRADA SECUNDARIOS (KOHA)
Fuente del sistema de clasificación o colocación Clasificación Decimal Dewey
Tipo de ítem Koha
949 ## - PROCESAMIENTO DE INFORMACIÓN LOCAL (OCLC)
a 225.1 E34
w DEWEY
c 1
i 77346
l CATALOGING
m BUL
p 19.34
r 0
s Y
t BOOK
u 2017-12-04
x POSGRADO
-- P85
0 DONACION
o .STAFF. Colección Teología
994 ## -
-- C0
-- PEPRU
999 ## - NÚMEROS DE CONTROL DE SISTEMA (KOHA)
-- DEWEY
-- 77346
-- 2021-11-9
-- 4
-- CCODEBUL1
-- BUL
-- 19.34
-- 0
-- Y
-- BOOK
-- 2017-12-4
-- TEOLOGIA
-- P85
-- DONACION
-- .STAFF. Colección Teología
980 ## - EQUIVALENCIA O REFERENCIA-CRUZADA-MENCIÓN DE SERIE--NOMBRE DE PERSONA/TÍTULO [LOCAL, CANADÁ]
ID del último usuario que modificó el registro 1
Nombre del último usuario que modificó el registro ALBERTO SANCHEZ Responsable de Automatización
Existencias
Visto por última vez Número de inventario Total de préstamos Signatura topográfica completa Código de barras Copia número Coste, precio de reemplazo Fecha de reemplazo Facultad Tipo de ítem Koha Nota pública Estado de pérdida Fuente del sistema de clasificación o colocación Restricciones de uso No para préstamo Colección Programa académico Biblioteca de origen Biblioteca actual Ubicación en estantería Fecha de adquisición Fuente de adquisición Coste, precio normal de compra
2025-12-02 5   225.1 E34 77346 e1 24.34 2017-12-04   Libros físicos inventario-2023-12-13 No Perdido Clasificación Decimal Dewey No restringido Disponible para préstamos Colección General Maestría en teología Biblioteca CRAI UPeU Lima Biblioteca CRAI UPeU Lima Sala principal 2017-12-04 DONACION 19.34